Państwa położone najbliżej Mołdawii A-Z - Statystyki

Ogólne statystyki
  • Ten quiz został rozwiązany 33 razy
  • Średni wynik to 21 z 24
Statystyki odpowiedzi
Litera Państwo % Poprawnych
A Albania
100%
E Estonia
100%
C Czechy
96%
D Dania
96%
G Grecja
96%
U Ukraina
96%
B Bułgaria
93%
R Rumunia
93%
L Litwa
89%
Ł Łotwa
89%
O Oman
89%
P Polska
89%
V Vanuatu
89%
F Finlandia
85%
J Jordania
85%
K Kosowo
81%
M Macedonia Północna
81%
S Słowacja
81%
T Turcja
81%
W Węgry
81%
Z Zjednoczone Emiraty Arabskie
81%
H Hiszpania
78%
I Izrael
74%
N Niemcy
63%
Nie znaleziono quizów pasujących do podanych kryteriów
Rozkład punktacji
Procent ludzi z każdym wynikiem
Percentyl według liczby udzielonych odpowiedzi
Twoja historia wyników
Nie rozwiązałeś tego quizu